1423 1673 1338 1998 1096 1946 1733 1398 1732 1032 1364 1397 1502 1196 1609 1637 1999 1427 1007 1552 1030 1749 1670 1242 1345 1278 1179 1412 1715 1542 1933 1357 1489 1268 1209 1601 1317 1003 1496 1390 1521 1551 1345 1381 1572 1383 1101 1436 1524 1087 1524 1973 1037 1829 1222 1375 1888 1444 1889 1292 1748 1967 1416 1440 1107 1674 1216 1473 1622 1787 1521 1587 1088 1641 1856 1438 1609 1453 1807 1965 1421 1545 1284 1891 1319 1751 1840 1248 1369 1905 1822 1829 1747 1455 1174 1467 1057 1232 1029 BCNSPRNW ULIB Ver.6.0+V

เปลี่ยนเป็นภาษาไทย

Change to English
 แสดงรายละเอียดบรรณานุกรม
  กลับหน้าหลัก

Brief Record : Get Marc (ISO 2709) : E-mail record : QR code < ปิดหน้าต่าง
LEADER : 00000nam 2200000uu 4500
001    13399126170
003     ULIB
008    020711s2539 th a 000 0 tha d
020    ^a9746351095
060    วจ^aWY157^bน455ก
100    ^aนาถสุภางค์ ไกรอาบ
245    ^aการรับรู้และการปฏิบัติจริตามบทบาทพยาบาลของพยาบาลวิชาชีพในห้องคลอด โรงพยาบาลชุมชนภาคตะวันออก
260    ^aกรุงเทพฯ :^bจุฬาลงกรณ์มหาวิทยาลัย,^c2539
650    ^aห้องคลอด
650    ^aพยาบาล
710    ^aจุฬาลงกรณ์มหาวิทยาลัย
945    ^p0^l0^i004283
999    ^aประนอม เกษจรัล
รายการนี้ยังไม่มีแท็ก
คุณยังไม่ได้ล็อกอิน คุณสามารถมีกิจกรรมร่วมกับเว็บไซต์ได้ แต่ต้องล็อกอินก่อน ::
  ล็อกอิน

รายการสื่อสารสนเทศ

ลำดับที่ ประเภท เลขเรียก/บาร์โค้ด สถานที่ สถานะ
1. งานวิจัย
งานวิจัย
วจ WY157 น455ก ฉ.1 
  Barcode: 004283
ห้องสมุดวิทยาเขตสวรรค์ประชารักษ์
►หนังสือทั่วไป
บนชั้น

รายการใกล้เคียง
    หัวเรื่อง [ห้องคลอด]
    หัวเรื่อง [พยาบาล]

BibComment


ยังไม่เคยถูกคอมเมนท์

คอมเมนท์ทรัพยากรรายการนี้
  คอมเมนท์: การรับรู้และการป..


 Copyright 2026. Bcnsprnw @Library